Современные политико-властные процессы в Республике Башкортостан и региональная политика (Запись № 2572063)

Подробности
000 -МАРКЕР
контрольное поле 01683nam1a2200349 i 4500
001 - ИДЕНТИФИКАТОР ЗАПИСИ
контрольное поле RU\NLR\bibl\1874324
005 - ИДЕНТИФИКАТОР ВЕРСИИ
контрольное поле 20260406043224.0
035 ## - ДРУГИЕ СИСТЕМНЫЕ НОМЕРА
Идентификатор записи (NLR Aleph) 001864140
100 ## - ДАННЫЕ ОБЩЕЙ ОБРАБОТКИ
Данные общей обработки 20120227g20119999k y0rusy50 ca
101 0# - ЯЗЫК РЕСУРСА
Язык текста, звукозаписи и т.д. русский
102 ## - СТРАНА ПУБЛИКАЦИИ ИЛИ ПРОИЗВОДСТВА
Страна публикации российская федерация
105 ## - ПОЛЕ КОДИРОВАННЫХ ДАННЫХ: ТЕКСТОВЫЕ МАТЕРИАЛЫ, МОНОГРАФИЧЕСКИЕ
Кодированные данные о монографическом текстовом документе ||||z |||||
200 1# - ЗАГЛАВИЕ И СВЕДЕНИЯ ОБ ОТВЕТСТВЕННОСТИ
Основное заглавие Современные политико-властные процессы в Республике Башкортостан и региональная политика
Сведения, относящиеся к заглавию коллективная политика
Первые сведения об ответственности [Дорожкин Ю.Н., Фролова И.В., Даутова А.Р. и др.]
210 ## - ПУБЛИКАЦИЯ, РАСПРОСТРАНЕНИЕ И ДР.
Место издания, распространения и т.д. Уфа
Имя издателя, распространителя и т. д. БАГСУ
Дата издания, распространения и т.д. 2011
215 ## - ФИЗИЧЕСКАЯ ХАРАКТЕРИСТИКА
Размеры 20
300 ## - ОБЩИЕ ПРИМЕЧАНИЯ
Текст примечания Авт. указаны на 3-й с.
300 ## - ОБЩИЕ ПРИМЕЧАНИЯ
Текст примечания На 2-й с. авт.: Ю.Н. Дорожкин, д.филос.н., И.В. Фролова, д.филос.н.
463 #0 - УРОВЕНЬ ФИЗИЧЕСКОЙ ЕДИНИЦЫ
Встроенное поле 0011787690
606 1# - НАИМЕНОВАНИЕ ТЕМЫ КАК ПРЕДМЕТ
Наименование темы Органы государственной власти
Географический подзаголовок Башкортостан, Республика
Системный номер авторитетной/нормативной записи 2223848
Идентификатор авторитетной/нормативной записи RU\NLR\auth\661335158
606 1# - НАИМЕНОВАНИЕ ТЕМЫ КАК ПРЕДМЕТ
Наименование темы Органы местного самоуправления
Географический подзаголовок Башкортостан, Республика
Системный номер авторитетной/нормативной записи 2093842
Идентификатор авторитетной/нормативной записи RU\NLR\auth\661570605
686 ## - ИНДЕКСЫ ДРУГИХ КЛАССИФИКАЦИЙ
Индекс Х620.619(2Р-6Б)
686 ## - ИНДЕКСЫ ДРУГИХ КЛАССИФИКАЦИЙ
Индекс Х621.011.29(2Р-6Б)
701 #1 - ИМЯ ЛИЦА - АЛЬТЕРНАТИВНАЯ ОТВЕТСТВЕННОСТЬ
Начальный элемент ввода Дорожкин
Часть имени, кроме начального элемента ввода Ю. Н.
Расширение инициалов личного имени Юрий Николаевич
Код отношения Автор
701 #1 - ИМЯ ЛИЦА - АЛЬТЕРНАТИВНАЯ ОТВЕТСТВЕННОСТЬ
Код отношения Автор
Материалы, к которым относится поле rus
Графика поля Кириллица
Начальный элемент ввода Фролова
Часть имени, кроме начального элемента ввода И.В.
Дополнения к именам, кроме дат д-р филос. наук
Даты 1970-
Расширение инициалов личного имени Ирина Васильевна
Идентификатор авторитетной/нормативной записи RU\NLR\auth\773308
Системный номер авторитетной/нормативной записи 113311
701 #1 - ИМЯ ЛИЦА - АЛЬТЕРНАТИВНАЯ ОТВЕТСТВЕННОСТЬ
Начальный элемент ввода Даутова
Часть имени, кроме начального элемента ввода А. Р.
Код отношения Автор
801 #0 - ИСТОЧНИК ЗАПИСИ
Страна российская федерация
Организация NLR
Дата составления 20120227
Правила каталогизации RCR
801 #1 - ИСТОЧНИК ЗАПИСИ
Страна российская федерация
Организация NLR
Дата составления 20120227
852 ## - МЕСТОНАХОЖДЕНИЕ И ШИФР ХРАНЕНИЯ
Идентификатор организации NLR
Шифр хранения (Call Number) 2011-3/21624
942 ## - ДОПОЛНИТЕЛЬНЫЕ ЭЛЕМЕНТЫ ЗАПИСИ (АБИС)
Тип экземпляра АБИС Книга
980 ## - КОЛЛЕКЦИЯ
Название коллекции НБР

Нет доступных экземпляров.